NFL Running Backs 2025 Easy to Hard - Statistics

General Stats
  • This quiz has been taken 432 times
  • The average score is 6 of 11
Answer Stats
Hint Answer % Correct
Ravens Derrick Henry
98%
Eagles Saquon Barkley
98%
Falcons Bijan Robinson
95%
Dolphins De’Von Achane
88%
Rams Kyren Williams
85%
Panthers Chuba Hubbard
84%
Buccaneers Bucky Irving
36%
Browns Jerome Ford
15%
Giants Tyrone Tracy Jr.
15%
Patriots Antonio Gibson
7%
Steelers Jalen Warren
7%
No matching quizzes found
Score Distribution
Percent of People with Each Score
Percentile by Number Answered
Your Score History
You have not taken this quiz